000 01013nas a2200301 4500
001 BR8202043
003 BR-BrBNA
005 20231205085128.0
007 ta
008 230509b bl.|||p| |||| 00| 00por d
040 _aBR-BrBNA
_bpor
_cBiblioteca Nacional de Agricultura
041 _a(Pt)
072 _aH20
100 1 _aCupertino, F.P.
100 1 _aCosta, C.L.
100 1 _aLin, M.T.
100 1 _aKitajima, E.W.
245 1 _aInfeccao natural do feijoeiro (Phaseolus vulgaris L.)pelo virus do mosaico severo do feijao macassar [Feijao de corda; Vigna unguiculata]
246 1 _aNatural infection of bean by cowpea severe mosaic virus in Central Brazil [Phaseolus vulgaris; Vigna unguiculata]
650 _aFEIJAO
650 _aFEIJAO DE CORDA
650 _aMOSAICO
650 _aVIRUS
650 _aINFECCAO
773 0 _tFitopatologia Brasileira (Brazil)
_xISSN 0100-4158
_g(Jun 1982), v. 7(2) p. 275-283
_wBR8202043
909 _a202311
_bLúcia
_c55
_dLúcia Elande
942 _2AGRIS
_n0
_cANA
999 _c109404
_d109404